000 00530nam a22001817a 4500
008 150604b xxu||||| |||| 00| 0 eng d
020 _a1890151912
041 0 _aeng
080 _a141.332
100 1 _aTempleton, John,
245 1 0 _aWisdom from world religions :
_cJohn Templeton.
260 _aPhiladelphia :
_bTempleton Foundation Press,
_cc2002.
300 _axxv, 352 f. ;
_c28 cm.
650 0 _aJeta shpirtërore
650 0 _aReligjioni
700 _aTempleton, John,
942 _2udc
_cBK
999 _c991
_d991